000 00282nam a2200121Ia 4500
005 20251222153634.0
008 251222s9999||||xx |||||||||||||| ||spa||
020 _a84-226-1021-3
082 _a813/S78
100 _a"Stallone, Sylvester "
245 0 _aParadise alley
942 _cLIB
999 _c32480
_d32480